Bobadillae monumenta : gesta et scripta : ex autographis aut archetypis potissimum deprompta /
Monumenta Historica Societatis Iesu es un proyecto editorial de la Compañía de Jesús que está orientado a la recuperación sistemática de las fuentes documentales primarias para el estudio del desarrollo histórico de la orden. El proyecto fue impulsado en la Congregación General XXIV (1892) de la Com...
Guardat en:
| Autor corporatiu: | |
|---|---|
| Altres autors: | |
| Format: | Llibre |
| Idioma: | llatí |
| Col·lecció: | (Monumenta Historica Societatis Iesu ;
46) |
| Matèries: | |
| Etiquetes: |
Sense etiquetes, Sigues el primer a etiquetar aquest registre!
|
MARC
| LEADER | 00000nam^a2200000^a^4500 | ||
|---|---|---|---|
| 001 | 000316129 | ||
| 005 | 20250526000000.0 | ||
| 009 | 20260310113306.016 | ||
| 037 | |a Acervo ITESO - Biblioteca | ||
| 041 | |a LAT | ||
| 082 | |a 255. 53 |b MON S. 1 V. 46 | ||
| 110 | |a Compañía de Jesús | ||
| 240 | 1 | 1 | |a [Monumenta Historica Societatis Iesu] |
| 245 | 1 | 0 | |a Bobadillae monumenta : |b gesta et scripta : ex autographis aut archetypis potissimum deprompta / |c Compañía de Jesús ; N. de Bobadilla. |
| 264 | |a Roma, Italia : |b Compañía de Jesús, |c 1970 | ||
| 300 | |a XXX, 915 p. ; |c 25.0 cm. | ||
| 336 | |a texto |b txt |2 rdacontenido | ||
| 337 | |a sin mediación |b n |2 rdamedio | ||
| 338 | |a volumen |b nc |2 rdasoporte | ||
| 440 | 1 | |a (Monumenta Historica Societatis Iesu ; |v 46) | |
| 520 | |a Monumenta Historica Societatis Iesu es un proyecto editorial de la Compañía de Jesús que está orientado a la recuperación sistemática de las fuentes documentales primarias para el estudio del desarrollo histórico de la orden. El proyecto fue impulsado en la Congregación General XXIV (1892) de la Compañía, cuando el padre Luis Martín García S.J. (1846-1906) fuera electo superior de la orden, y su publicación inició dos años después en Madrid, España. La Monumenta está dividida básicamente en cuatro tipos de volúmenes: 1) Los escritos de San Ignacio de Loyola, fundador de la Compañía de Jesús; 2) Fuentes primarias de los contemporáneos de San Ignacio; 3) La Monumenta paedagogica y 4) Las Monumenta sobre varias de las provincias en que está organizada la orden. | ||
| 546 | |a Edición multilingüe | ||
| 649 | |a XX | ||
| 650 | |a Jesuitas - |x Historia - |y Siglo XVI - |x Tema Principal | ||
| 650 | |a Jesuitas en España - |x Historia - |x Documentos - |x Tema Principal | ||
| 650 | |a Monasticismo y Ordenes Religiosas - |z España - |x Historia - |y Siglo XVI | ||
| 650 | |a Iglesia Católica en España - |x Historia - |y Siglo XVI | ||
| 650 | |a Catolicismo - |z España - |x Historia - |y Siglo XVI | ||
| 650 | |a Cristianismo - |z España - |x Historia - |y Siglo XVI | ||
| 650 | |a Religión - |z España - |x Historia - |y Siglo XVI | ||
| 650 | |a España - |x Historia - |x Documentos | ||
| 650 | |a España - |x Historia - |y Siglo XVI | ||
| 700 | |a Bobadilla, Nicolás de |e (autor) | ||
| 910 | |a Fondo General | ||
| 920 | |a Impresos - Libros | ||
| 930 | |a Libros Antiguos y Raros | ||
| 940 | |a Jesuitas | ||
| 905 | |a 108 | ||
| 901 | |a 0500203072 |b IT2 |c LRA |i C129710 |u 20250526 | ||
| 902 | |a https://opac.biblio.iteso.mx/vufind/Record/000316129 | ||